000 00524nam a2200157Ia 4500
003 GCL
005 20240530102429.0
008 140319s9999 xx 000 0 ara d
040 _aGCL /
_cGCL
082 0 4 _a355.02
_bع ح
100 _aعادل على خليل
245 1 0 _aالحرب الالكترونية من الحرب العالمية الاولى الى حرب الخليج /
_cعادل على خليل
260 _a[S.N] :
_bدار الهلال للطباعة والنشر
300 _a357 ص
942 _2ddc
_cBK
999 _c32188
_d32188